Statistics for Countries That Rely Most on Agriculture

Click here to take the quiz!

General Stats

  • This quiz has been taken 422 times
  • The average score is 9 of 15

Answer Stats

%Country% Correct
41.5Niger
88%
59.0Chad
81%
39.6Sudan
79%
40.9Mali
78%
35.8Ethiopia
76%
35.3Kenya
76%
42.9Central African Republic
69%
60.2Somalia
67%
31.9Burkina Faso
60%
40.0Burundi
53%
60.7Sierra Leone
49%
44.1Guinea-Bissau
48%
36.1Liberia
47%
49.5Comoros
14%
34.3Solomon Islands
7%

Score Distribution

Percentile by Number Answered

Percent of People with Each Score

Your Score History

You have not taken this quiz